| 000 | 00000nam##2200000za#4500 |
| 001 | 9.630803 |
| 003 | CaOODSP |
| 005 | 20210624214026 |
| 007 | cr ||||||||||| |
| 008 | 150407|2002||||xxc|||||o f|0| 0 fre|d |
| 020 | |a0-662-87691-1 |
| 040 | |aCaOODSP|bfre |
| 043 | |an-cn--- |
| 086 | 1 |aSW21-100/2002F-IN |
| 110 | 1 |aCanada. |bCondition féminine Canada. |
| 245 | 10|aL'équité salariale : |h[ressource électronique]|bun droit de la personne fondamental / |c[par] Margot E. Young. |
| 260 | |aOttawa - Ontario : |bCondition féminine Canada |c2002. |
| 300 | |a47p. |
| 504 | |aBibliographie. |
| 590 | |a06-10-Supp|b2006-12-15 |
| 691 | 07|aDroit|2gcpds |
| 691 | 07|aDroits de la personne|2gcpds |
| 691 | 07|aÉquité salariale|2gcpds |
| 691 | 07|aLégislation|2gcpds |
| 720 | 1 |aYoung, Margot E. |
| 775 | 08|tPay equity : |w(CaOODSP)9.686331 |
| 856 | 40|ahttp://publications.gc.ca|qPDF|s490 Ko|uhttps://publications.gc.ca/collections/Collection/SW21-100-2002F.pdf |